Women in Britain since 1945: women, family, work and the State in the Post-War years
Tallennettuna:
| Päätekijä: | |
|---|---|
| Aineistotyyppi: | Kirja |
| Kieli: | englanti |
| Julkaistu: |
Oxford
Blackwell
1992
|
| Painos: | 1a. ed |
| Sarja: | Making Contemporary Britain
|
| Aiheet: | |
| Tagit: |
Lisää tagi
Ei tageja, Lisää ensimmäinen tagi!
|
MARC
| LEADER | 00000cam a2200000 a 4500 | ||
|---|---|---|---|
| 001 | UCG9376 | ||
| 003 | CL-VaPUC | ||
| 008 | 120309e19920000UK |||||||||||||||||eng|d | ||
| 020 | |a 0631169768 | ||
| 082 | 0 | 4 | |a 941.035 |b LEW |2 21 |
| 100 | 0 | |a Lewis, Jane |e author |9 560910 | |
| 245 | 1 | 0 | |a Women in Britain since 1945: women, family, work and the State in the Post-War years |
| 250 | |a 1a. ed | ||
| 300 | |a 149 p | ||
| 942 | |c BK | ||
| 945 | |d 20120309 00:00:00 |a dcastane | ||
| 260 | |a Oxford |b Blackwell |c 1992 | ||
| 650 | 7 | |a HISTORIA DE INGLATERRA SIGLO 20 |2 CL-VaPUC |9 388269 | |
| 650 | 0 | |a Mujeres |9 257649 | |
| 650 | 0 | |a Familias |9 255641 | |
| 650 | 7 | |a POST-GUERRA |2 CL-VaPUC |9 409509 | |
| 583 | |a last modification |c 20120309 14:21:00 |k Rodrigo Vera | ||
| 490 | 0 | |a Making Contemporary Britain | |
| 999 | |c 346933 |d 346931 | ||
| 952 | |0 0 |1 0 |4 0 |6 941_035000000000000_LEW_1992 |7 0 |8 A |9 447890 |a BIBEDU |b BIBEDU |d 2019-11-22 |i 4841786 |o 941.035 LEW 1992 |p 4841786 |r 2019-11-22 |w 2019-11-22 |y BK |k LIT | ||